000 01384cam a22003254a 4500
999 _c21255
_d21255
001 11875113
003 OSt
005 20170121103315.0
008 991222s2000 nyua 001 0 eng
010 _a 99086130
020 _a0471383090 (pbk./website : alk. paper)
040 _aDLC
_cDLC
_dDLC
042 _apcc
050 0 0 _aHF5415.1265
_b.S7417 2000
082 0 0 _a658.8/4
_221
100 1 _aSterne, Jim,
_d1955-
245 1 0 _aEmail marketing :
_busing email to reach your tarket audience and build customer relationships /
_cJim Sterne, Anthony Priore.
260 _aNew York :
_bJohn Wiley & Sons,
_cc2000.
300 _axiii, 303 p. :
_bill.
_c24 cm.
500 _a"Wiley computer publishing."
500 _aIncludes index.
650 0 _aTelemarketing.
650 0 _aElectronic mail messages.
650 0 _aCustomer relations.
700 1 _aPriore, Anthony.
856 4 2 _3Contributor biographical information
_uhttp://www.loc.gov/catdir/bios/wiley044/99086130.html
856 4 2 _3Publisher description
_uhttp://www.loc.gov/catdir/description/wiley037/99086130.html
856 4 _3Table of Contents
_uhttp://www.loc.gov/catdir/toc/onix07/99086130.html
906 _a7
_bcbc
_corignew
_d1
_eocip
_f19
_gy-gencatlg
942 _2lcc
_cBOOKS
_hHF 5415.1265 .S7417 2000